Normal view
MARC view
Entry Personal Name
001 - CONTROL NUMBER
- control field: 556333
003 - CONTROL NUMBER IDENTIFIER
- control field: OSt
005 - DATE AND TIME OF LATEST TRANSACTION
- control field: 20220930094814.0
008 - FIXED-LENGTH DATA ELEMENTS
- fixed length control field: 220930|| aca||aabn | a|a d
040 ## - CATALOGING SOURCE
- Original cataloging agency: OSt
- Transcribing agency: OSt
100 ## - HEADING--PERSONAL NAME
- Personal name: प्रो. शकुन्तला पुन्जानी, गा
670 ## - SOURCE DATA FOUND
- Source citation: Work cat.: (OSt)887706: गर्ग, कुमुद रानी, श्रीभार्गवराघवीयम् महाकाव्य का समीक्षात्मक अध्ययन, 2013
